[Event "Calvia Amateur op 19th"]
[Site "Calvia"]
[Date "2022.10.10"]
[Round "3"]
[White "Porfireanu, Serban"]
[Black "Jekabsons, Ivars"]
[Result "0-1"]
[WhiteElo "1783"]
[BlackElo "2120"]
[PlyCount "122"]
[EventDate "2022.10.08"]
[EventType "swiss"]
[EventRounds "9"]
[EventCountry "ESP"]
[SourceTitle "CBM 210 Extra"]
[Source "ChessBase"]
[SourceDate "2022.11.30"]
[SourceVersion "1"]
[SourceVersionDate "2022.11.30"]
[SourceQuality "1"]

1. Nf3 c5 2. e4 Nc6 3. c3 Nf6 4. d3 g6 5. g3 Bg7 6. Bg2 0-0 7. 0-0 d6 8. h3 e5 9. Be3 b6 10. Nh2 d5 11. Bg5 d4 12. f4 h6 13. Bxf6 Bxf6 14. c4 Bg7 15. a3 h5 16. Nd2 h4 17. gxh4 Qxh4 18. f5 Bh6 19. Ndf3 Be3+ 20. Kh1 Qh8 21. Qe1 gxf5 22. Qg3+ Qg7 23. Qxg7+ Kxg7 24. exf5 Bxf5 25. Nxe5 Nxe5 26. Rxf5 Rae8 27. Be4 Nxc4 28. Ng4 f6 29. Nxe3 Nxe3 30. Rg1+ Kf7 31. Rh5 Rh8 32. Bg6+ Ke6 33. Bxe8 Rxe8 34. Kh2 c4 35. dxc4 d3 36. Re1 Kd6 37. Rd5+ Nxd5 38. Rxe8 Kc5 39. b3 d2 40. Rd8 Ne3 41. Kg3 d1Q 42. Rxd1 Nxd1 43. Kf4 Kd6 44. Kf5 Ke7 45. Kg6 Ne3 46. h4 Ng4 47. Kf5 Ne5 48. h5 Nf7 49. a4 Nd6+ 50. Kf4 Nf7 51. Kf5 Nd6+ 52. Kf4 a5 53. Ke3 f5 54. Kd4 Kf6 55. c5 bxc5+ 56. Kxc5 f4 57. Kd4 Kg5 58. b4 axb4 59. a5 b3 60. a6 b2 61. a7 Nb5+ 0-1

[Event "ROM-ch"]
[Site "Targu Mures"]
[Date "2014.04.27"]
[Round "2"]
[White "Porfireanu, Serban"]
[Black "Dumitrache, Dragos Nicolae"]
[Result "0-1"]
[WhiteElo "1880"]
[BlackElo "2437"]
[PlyCount "73"]
[EventDate "2014.04.26"]
[EventType "swiss"]
[EventRounds "11"]
[EventCountry "ROU"]
[SourceTitle "CBM 160 Extra"]
[Source "ChessBase"]
[SourceDate "2014.07.01"]
[SourceVersion "1"]
[SourceVersionDate "2014.07.01"]
[SourceQuality "1"]

1. d4 Nf6 2. c4 e6 3. Nc3 Bb4 4. f3 c5 5. a3 Bxc3+ 6. bxc3 d5 7. cxd5 Nxd5 8. Qd3 b6 9. e4 Ba6 10. c4 Ne7 11. d5 exd5 12. exd5 0-0 13. Bg5 Re8 14. 0-0-0 f6 15. Bf4 Nd7 16. a4 Ng6 17. Nh3 Qe7 18. Bd2 Qe5 19. Kb1 Rad8 20. Qc2 Bc8 21. Bd3 a6 22. f4 Qd6 23. Rhe1 Ndf8 24. f5 Rxe1 25. Rxe1 Ne5 26. Bf4 Nfd7 27. g4 b5 28. axb5 axb5 29. cxb5 c4 30. Bxc4 Qb4+ 31. Bb3 Qxe1+ 32. Bc1 Bb7 33. Nf4 Rc8 34. Qb2 Nc5 35. Ba2 Ncd3 36. d6+ Kh8 37. d7 0-1

[Event "ROM-ch"]
[Site "Targu Mures"]
[Date "2014.04.27"]
[Round "3"]
[White "Timpau, Vasile"]
[Black "Porfireanu, Serban"]
[Result "1-0"]
[WhiteElo "1627"]
[BlackElo "1880"]
[PlyCount "113"]
[EventDate "2014.04.26"]
[EventType "swiss"]
[EventRounds "11"]
[EventCountry "ROU"]
[SourceTitle "CBM 160 Extra"]
[Source "ChessBase"]
[SourceDate "2014.07.01"]
[SourceVersion "1"]
[SourceVersionDate "2014.07.01"]
[SourceQuality "1"]

1. e4 d6 2. d4 Nf6 3. Nc3 g6 4. Be2 Bg7 5. Nf3 0-0 6. 0-0 c6 7. Be3 b5 8. a3 Nbd7 9. Qd2 Re8 10. Bh6 Bh8 11. h3 Qc7 12. Nh4 e5 13. d5 Rb8 14. dxc6 Qxc6 15. Nf5 Nc5 16. Qxd6 Qxd6 17. Nxd6 Rd8 18. Rfd1 a6 19. Nxc8 Rbxc8 20. f3 Ne6 21. Rxd8+ Rxd8 22. Rd1 Nd4 23. Kf2 Bg7 24. Be3 Ne8 25. Bd3 Nc7 26. Ne2 Nce6 27. c3 Nc6 28. Bc2 Rc8 29. Bb3 Ned8 30. Bb6 Bf6 31. Bxd8 Rxd8 32. Rxd8+ Bxd8 33. Nc1 Kf8 34. Bd5 Nb8 35. Nd3 f6 36. Ke2 g5 37. Nb4 Ke7 38. Nc6+ Nxc6 39. Bxc6 Kd6 40. Bb7 a5 41. Kd3 a4 42. Bc8 Kc5 43. Be6 Ba5 44. Bd5 Bc7 45. Bf7 Bb6 46. c4 bxc4+ 47. Bxc4 h5 48. Bf7 Kb5 49. Bxh5 Bd4 50. Be8+ Ka5 51. Kc2 Bc5 52. b4+ axb3+ 53. Kxb3 Kb6 54. a4 Bf2 55. Kc4 Ka5 56. Kd5 Bb6 57. Ke6 1-0

[Event "EU-ch 15th"]
[Site "Yerevan"]
[Date "2014.03.10"]
[Round "7"]
[White "Porfireanu, Serban"]
[Black "Avetisyan, Ashot"]
[Result "0-1"]
[WhiteElo "1903"]
[BlackElo "2121"]
[PlyCount "90"]
[EventDate "2014.03.03"]
[EventType "swiss"]
[EventRounds "11"]
[EventCountry "ARM"]
[SourceTitle "CBM 160"]
[Source "ChessBase"]
[SourceDate "2014.05.15"]
[SourceVersion "1"]
[SourceVersionDate "2014.05.15"]
[SourceQuality "1"]

1. c4 Nf6 2. d4 c6 3. Nc3 d5 4. Nf3 dxc4 5. a4 Bf5 6. e3 e6 7. Bxc4 Bb4 8. Bd2 0-0 9. Nh4 Nbd7 10. Nxf5 exf5 11. Qc2 g6 12. Na2 Bd6 13. Nc3 Qe7 14. Be2 Ne4 15. Nxe4 fxe4 16. h4 Nf6 17. Bc3 Nd5 18. Bc4 Rfd8 19. h5 Re8 20. hxg6 hxg6 21. Qe2 Qg5 22. g3 a6 23. a5 Bc7 24. Qd2 Kg7 25. Bxd5 Qxd5 26. Qc2 Rh8 27. 0-0-0 Rae8 28. b4 Bd6 29. Kb2 f6 30. Qb3 Qf5 31. Qc2 Qb5 32. Kb3 Rh5 33. Rh4 Qd5+ 34. Kb2 Rxh4 35. gxh4 Rh8 36. Rh1 Rh5 37. Be1 Qb5 38. Kb3 Qf5 39. Qe2 Qd5+ 40. Kb2 Be7 41. Rg1 Rxh4 42. Rg2 f5 43. Qc2 Rh1 44. Bc3 g5 45. Qb3 Rb1+ 0-1

[Event "EU-ch 15th"]
[Site "Yerevan"]
[Date "2014.03.05"]
[Round "3"]
[White "Gevorgyan, Maria"]
[Black "Porfireanu, Serban"]
[Result "1-0"]
[WhiteElo "2180"]
[BlackElo "1903"]
[PlyCount "89"]
[EventDate "2014.03.03"]
[EventType "swiss"]
[EventRounds "11"]
[EventCountry "ARM"]
[SourceTitle "CBM 160"]
[Source "ChessBase"]
[SourceDate "2014.05.15"]
[SourceVersion "1"]
[SourceVersionDate "2014.05.15"]
[SourceQuality "1"]

1. e4 d6 2. d4 Nf6 3. Nc3 g6 4. f4 Bg7 5. Nf3 Bg4 6. h3 Bxf3 7. Qxf3 c6 8. a4 0-0 9. a5 Nbd7 10. e5 Ne8 11. a6 b5 12. Qxc6 b4 13. Nd5 Rb8 14. Bd2 e6 15. Nxb4 dxe5 16. dxe5 Qh4+ 17. Kd1 Nxe5 18. Qc5 Ng4 19. Nd3 Nef6 20. Be1 Qh6 21. Qg1 Rfd8 22. Bd2 Nf2+ 23. Qxf2 Ne4 24. Qe3 Nxd2 25. Kxd2 Bxb2 26. Ra4 Qg7 27. Ke2 Qc3 28. Ne1 Qc6 29. Qe4 Qc3 30. Kf2 Qc5+ 31. Kg3 Rd2 32. Kh2 g5 33. Bd3 Qd6 34. Qxh7+ Kf8 35. Qh6+ Ke7 36. Qxg5+ Bf6 37. Qa5 Rd1 38. Nf3 Rdb1 39. Rxb1 Rxb1 40. Rc4 Kd7 41. Ne5+ Ke8 42. Rc8+ Bd8 43. Bb5+ Ke7 44. Rxd8 Qc5 45. Rd7+ 1-0

[Event "EU-ch 13th"]
[Site "Plovdiv"]
[Date "2012.03.23"]
[Round "4"]
[White "Andok, Claus Michael"]
[Black "Porfireanu, Serban"]
[Result "1-0"]
[WhiteElo "2116"]
[BlackElo "1892"]
[PlyCount "48"]
[EventDate "2012.03.20"]
[EventType "swiss"]
[EventRounds "11"]
[EventCountry "BUL"]
[SourceTitle "CBM 148"]
[Source "ChessBase"]
[SourceDate "2012.05.16"]
[SourceVersion "1"]
[SourceVersionDate "2012.05.16"]
[SourceQuality "1"]

1. c4 Nf6 2. Nc3 e5 3. g3 d6 4. Bg2 g6 5. e4 Bg7 6. Nge2 0-0 7. 0-0 Nc6 8. h3 Ne7 9. d3 Ne8 10. d4 Be6 11. b3 Qc8 12. Kh2 c6 13. Ba3 Qc7 14. f4 f5 15. fxe5 dxe5 16. d5 Rd8 17. Qc1 Bc8 18. c5 cxd5 19. exd5 Qd7 20. h4 a6 21. Bb2 Nf6 22. d6 Nc6 23. Qd1 Kh8 24. a3 e4 1-0

[Event "EU-ch 13th"]
[Site "Plovdiv"]
[Date "2012.03.20"]
[Round "1"]
[White "Porfireanu, Serban"]
[Black "Goganov, Aleksey"]
[Result "0-1"]
[WhiteElo "1892"]
[BlackElo "2517"]
[PlyCount "72"]
[EventDate "2012.03.20"]
[EventType "swiss"]
[EventRounds "11"]
[EventCountry "BUL"]
[SourceTitle "CBM 148"]
[Source "ChessBase"]
[SourceDate "2012.05.16"]
[SourceVersion "1"]
[SourceVersionDate "2012.05.16"]
[SourceQuality "1"]

1. Nf3 c5 2. e4 Nc6 3. d4 cxd4 4. Nxd4 Qc7 5. Nc3 e6 6. Be2 Nf6 7. Be3 a6 8. 0-0 Be7 9. a4 0-0 10. Kh1 d6 11. f4 Re8 12. Nxc6 bxc6 13. a5 c5 14. Bf3 Bb7 15. Qe1 d5 16. exd5 exd5 17. Ne2 Bd6 18. Qd2 Ne4 19. Bxe4 Rxe4 20. Ng3 Ree8 21. Qf2 d4 22. Bd2 Qc6 23. Nf5 Bf8 24. Nh4 Qb5 25. Rfe1 Rxe1+ 26. Rxe1 Qxb2 27. Bc1 Qb5 28. Nf5 Qd7 29. Ng3 Re8 30. Rf1 Qd5 31. f5 Bd6 32. Nh5 Re4 33. Rg1 Qe5 34. Ng3 h5 35. f6 h4 36. Qf5 hxg3 0-1

[Event "ROM-ch"]
[Site "Sarata Monteoru"]
[Date "2012.02.19"]
[Round "9"]
[White "David, Bogdan Emanuel"]
[Black "Porfireanu, Serban"]
[Result "0-1"]
[WhiteElo "1667"]
[BlackElo "1927"]
[PlyCount "112"]
[EventDate "2012.02.13"]
[EventType "swiss"]
[EventRounds "11"]
[EventCountry "ROU"]
[SourceTitle "CBM 147 Extra"]
[Source "ChessBase"]
[SourceDate "2012.04.24"]
[SourceVersion "1"]
[SourceVersionDate "2012.04.24"]
[SourceQuality "1"]

1. e4 c5 2. Nf3 e6 3. d4 cxd4 4. Nxd4 a6 5. Nc3 Qc7 6. Be3 d6 7. f3 Nd7 8. Qd2 b6 9. 0-0-0 Ngf6 10. Be2 Bb7 11. Kb1 Be7 12. a3 Rc8 13. g4 Ne5 14. g5 Nfd7 15. h4 Nc4 16. Bxc4 Qxc4 17. f4 Nc5 18. Qg2 b5 19. f5 e5 20. Rhf1 f6 21. Ne6 Nxe6 22. fxe6 Qxe6 23. Nd5 Bxd5 24. Rxd5 0-0 25. g6 hxg6 26. Qxg6 Qf7 27. Qg4 Rc4 28. Rf2 f5 29. Qxf5 Qxf5 30. Rxf5 Rxf5 31. exf5 Rxh4 32. Rd1 Kf7 33. Rg1 Re4 34. Rg3 Bh4 35. Rf3 d5 36. c3 Kf6 37. Kc2 Bg5 38. Bxg5+ Kxg5 39. Kd3 Rf4 40. Rg3+ Rg4 41. Re3 Kxf5 42. Rf3+ Rf4 43. Rg3 g5 44. Ke3 g4 45. b3 Kg5 46. Ke2 e4 47. Rg2 Rf3 48. Kd2 Kh4 49. Rh2+ Rh3 50. Rg2 g3 51. Ke3 Kg4 52. Rd2 Rh5 53. Rg2 Kh3 54. Re2 g2 55. Kf2 Rf5+ 56. Ke1 g1Q+ 0-1

[Event "Calvia Amateur op 8th"]
[Site "Calvia"]
[Date "2011.10.08"]
[Round "1"]
[White "Garcia del Rey, Senen"]
[Black "Porfireanu, Serban"]
[Result "1-0"]
[WhiteElo "2295"]
[BlackElo "1954"]
[PlyCount "71"]
[EventDate "2011.10.08"]
[EventType "swiss"]
[EventRounds "9"]
[EventCountry "ESP"]
[SourceTitle "CBM 144 Extra"]
[Source "ChessBase"]
[SourceDate "2011.10.28"]
[SourceVersion "1"]
[SourceVersionDate "2011.10.28"]
[SourceQuality "1"]

1. c4 Nf6 2. g3 g6 3. Bg2 Bg7 4. Nc3 0-0 5. e4 d6 6. Nge2 e5 7. 0-0 Nc6 8. d3 Bg4 9. h3 Bd7 10. Be3 h5 11. Qd2 Kh7 12. Bg5 Ne7 13. f4 Qc8 14. fxe5 Nfg8 15. exd6 cxd6 16. Kh2 Nc6 17. d4 Na5 18. b3 Nc6 19. Bf4 h4 20. Bxd6 Bh6 21. Qd3 f5 22. e5 f4 23. gxf4 Nce7 24. d5 Rf5 25. Ne4 Qf8 26. e6 Be8 27. Be5 Rxe5 28. fxe5 Nf5 29. Nd4 Qg7 30. Nf6+ Nxf6 31. Nxf5 Ng4+ 32. hxg4 Qxe5+ 33. Kh3 Bf8 34. Rae1 Qc7 35. e7 gxf5 36. exf8Q 1-0

[Event "EU-ch 11th"]
[Site "Rijeka"]
[Date "2010.03.15"]
[Round "9"]
[White "Porfireanu, Serban"]
[Black "Sale, Srdjan"]
[Result "0-1"]
[WhiteElo "2034"]
[BlackElo "2396"]
[PlyCount "50"]
[EventDate "2010.03.06"]
[EventType "swiss"]
[EventRounds "11"]
[EventCountry "CRO"]
[SourceTitle "CBM 136"]
[Source "ChessBase"]
[SourceDate "2010.05.18"]
[SourceVersion "1"]
[SourceVersionDate "2010.05.18"]
[SourceQuality "1"]

1. c4 b6 2. d4 Bb7 3. Nc3 e6 4. a3 f5 5. Nf3 Nf6 6. Bg5 Be7 7. e3 0-0 8. Bd3 Qe8 9. Bf4 d6 10. Qc2 Nbd7 11. 0-0-0 Bd8 12. h4 e5 13. dxe5 dxe5 14. Bxf5 exf4 15. Ng5 g6 16. Be6+ Kg7 17. h5 Ne5 18. h6+ Kh8 19. Bh3 Nh5 20. exf4 Nxf4 21. Rhe1 Nfd3+ 22. Kb1 Nxe1 23. Qd2 N1d3 24. b4 Rxf2 25. Ne2 Bxg5 0-1